|
|
|
|
| LEADER |
00000nab a2200000ua 4500 |
| 001 |
vtls010830933 |
| 003 |
SK-MaSNL |
| 005 |
20260303144525.0 |
| 008 |
230222s2004 xo |||||||||||||||||slo| |
| 035 |
|
|
|a (urnnbn)urn:nbn:sk:snk:ar-a06hlc
|
| 035 |
|
|
|a urn:nbn:sk:snk-ab5vxw
|
| 035 |
|
|
|a (uuid)eb88db6e-4b46-451d-a237-d23a85b2c2c1
|
| 040 |
|
|
|a SNKBUCL
|b slo
|c SNKBUCL
|e AACR2
|
| 041 |
0 |
|
|a slo
|
| 044 |
|
|
|a xo
|c SK
|
| 100 |
1 |
|
|a Adamicová, Renáta
|4 aut
|9 1166167
|
| 245 |
1 |
0 |
|a Pľúcna embólia
|c Renáta Adamicová
|
| 773 |
0 |
|
|t Sestra : odborný mesačník pre ošetrovateľstvo
|g Roč. 3, č. 12 (2004), s. 38
|
| 954 |
|
|
|a odborná, vedecká literatúra pôvodná (slovenská)
|2 lita
|
| 958 |
|
|
|a OND
|
| 958 |
|
|
|a EUIPO
|
| 958 |
|
|
|a article5
|
| 999 |
|
|
|c 1997705
|d 1999635
|